LEADER 01105nam0 2200289 450 001 000019749 005 20180910103921.0 100 $a20081121d1993----km-y0itay50------ba 101 0 $aita 102 $aIT 105 $ay-------001yy 200 1 $a<>imputazione dei redditi mancanti con medie condizionate$fRosalia Castellano 210 $aNapoli$cRocco Curto$d1993 215 $a82 p.$d24 cm 225 2 $aQuaderni di discussione$v4 300 $aIn testa al front.: Istituto di statistica e matematica, Facolta di economia dei trasporti e del commercio internazionale, Istituto universitario navale, Napoli 410 0$12001$aQuaderni di discussione 500 10$a<>imputazione dei redditi mancanti con medie condizionate$933917 610 1 $aStatistica$aMetodi 676 $a330$v19 700 1$aCastellano,$bRosalia$0101877 801 0$aIT$bUNIPARTHENOPE$c20081121$gRICA$2UNIMARC 912 $a000019749 951 $a330/135$b31561$cNAVA4$d2008 951 $a330/136$b31562$cNAVA4$d2008 996 $aImputazione dei redditi mancanti con medie condizionate$933917 997 $aUNIPARTHENOPE